Ideové prvky národného príbehu v dlhom 19. storočí
| Titel: | Ideové prvky národného príbehu v dlhom 19. storočí / Mária Kohútová ... |
|---|---|
| Beteiligt: | |
| Veröffentlicht: | Bratislava : Historický Ústav SAV, 2014 |
| Umfang: | 299 S. : Ill. |
| Format: | Buch |
| Sprache: | Slowakisch |
| ISBN: | 8089396291 ; 9788089396290 |
| Hinweise zum Inhalt: |
Inhaltsverzeichnis
|
| Lokale Klassifikation: | 24 15 Q |
|---|
alg: 35928920 001A $03004:22-05-15 001B $06055:13-03-26 $t19:27:05.000 001C $03004:17-06-16 $t15:45:19.000 001D $03004:17-06-16 001U $0utf8 001X $00 002@ $0Aau 003@ $0359289207 004A $080-89396-29-1 004A $A978-80-89396-29-0 007A $0359289207 $aHEB 007G $0DE020C9AF2C80EBE3E4FAC1257FD80045E372 009P $qapplication/pdf $A2 $3Inhaltsverzeichnis $uhttp://scans.hebis.de/HEBCGI/show.pl?35928920_toc.pdf $mV:DE-603;B:DE-Mb50 010@ $aslo 011@ $a2014 $n2014 013D $#Beiträge Formschlagwort $#Einzelbeiträge $#Sammelwerk Formschlagwort $D20251120 $Ecgmnf $74143413-4 $8Aufsatzsammlung [Tsz] $9085562742 021A $aIdeové prvky národného príbehu v dlhom 19. storočí $hMária Kohútová ... 028C $#Kochutova, Marija $7171126327 $8Kohútová, Mária$Z1945- [Tp3] $9295278218 033A $pBratislava $nHistorický Ústav SAV 034D $a299 S. 034M $aIll. 037A $aZsfassung in engl. Sprache u.d.T.: Ideological elements of the National narrative in the long nineteenth century 044K $RPolitische Identität $RGeschichtsbild $RGeschichtsdenken $#Conscience historique $#Geschichtsbewusstsein $#Historisches Bewusstsein $#Historisches Bewusstsein $#Geschichtsverständnis Geschichtsbewusstsein $#Geschichtskultur $D20251120 $Ecgmnf $74020526-5 $8Geschichtsbewusstsein [Ts1] $9085049387 044K $RSchrifttum $RGeschichtswissenschaft $#Historiography $#Historiographie $#Storiografia $#Historiografía $#Historiography $#Geschichtsschreibung $#Geschichtsschreibung $#Historiographie $#Historiografie $#Historisierung Geschichtsschreibung $D20251120 $Ecgmnf $74020531-9 $8Geschichtsschreibung [Ts1] $9085049425 044K $RIdeologiekritik $RNarrativ $#Ideology $#Political science $#Idéologie $#Idées politiques $#Ideologia $#Ideología $#Ideologie $#Ideologie $#politische Ideologie $#Ideologie $#Politische Ideologie $#Ideologien $D20251120 $Ecgmnf $74026486-5 $8Ideologie [Ts1] $9085066044 044K $RSlowakin $#Slovaks $#Slovaques $#Slowaken $#Slowake $#Slowaken $D20251120 $Ecgmnf $74055298-6 $8Slowaken [Ts1] $9085153842 044K $RKulturphilosophie $RZivilisation $#Civilization $#Culture $#Civilisation $#Culture $#Cultura $#Civilización $#Kultur $#Kultur $#kulturelle Faktoren $D20251120 $Ecgmnf $74125698-0 $8Kultur [Tsz] $9085424803 044K $RPolitische Bewegung $RNationalismus $REinheitsbewegung $RUnabhängigkeitsbewegung $#Separatist movements $#Mouvements autonomistes $#Nationale Bewegung $D20251120 $Ecgmnf $74171210-9 $8Nationalbewegung [Ts1] $9085787388 044K $RTschechoslowakei $RTschechoslowakei $#Slowakei $#Slowakei $#Slowakei $#Slowakische Republik (1938-1945) $#Slowakische Republik $#Oberungarn $#Slovensko $#Slovenská Republika $#Slovenská SR $#SSR $#Slovakia $#Slovaquie $#Slovak Republic $#République Slovaque $#Slovenská Socialistická Republika $#Slowakische Sozialistische Republik $#Slovak Socialist Republic $#République Socialiste Slovaque $D20251120 $Ecgmnf $74055297-4 $8Slowakei [Tg1] $9085153834 044K $RAuswirkung $RFortleben $#Influence (Literary, artistic, etc.) $#Influence littéraire, artistique, etc. $#Rezeption $#Fortwirken $#Nachwirkung Rezeption $#Nachleben $#Wirkungsgeschichte $#Aneignung Rezeption $D20251120 $Ecgmnf $74049716-1 $8Rezeption [Tsz] $9085138584 044K $#Mährerreich $#Großmähren $#Altmähren $#Mährisches Reich $#Regnum Marahensium $#Moravia Magna $#Velkomoravská říše $#Veľkomoravská ríša $#Velká Morava $#Vel'ká Morava $#Państwo wielkomorawskie $#Wielkie Morawy $D20251120 $Ecgmnf $74134308-6 $8Großmährisches Reich [Tg1] $9085491047 044K $RMethodius $#Ciril$#Constantin $#Constantine $#Constantine $#Constantinus $#Constantinus $#Constantinus $#Cyril $#Cyrill $#Cyrill $#Cyrillus $#Cyrillus $#Cyrillus $#Cyryl $#Kiril $#Kiril $#Kirill $#Cyril $#Konstantin $#Konštantín $#Konstantin $#Konstantin $#Konstantin $#Konstantin Kiril $#Konstantin-Kiril $#Konstantin-Kyrill $#Konstantinos $#Konstantinos $#Konstantinos $#Konstantyn $#Kyrill $#Kyrillos $#Kyrillos $#Kyrylo $#Sanctus, Cyrillus $#Kyrillos $#Kostenec, Konstantin $#Kostenečki, Constantine $#Konstantin $#Kostenečki, Konstantin $#Kyrill $#Cyrillus $#Constantinus Philosophus $#Cyril $#Cyrillus Dalmata $#Cyrillus Moravorum Apostolus $#Cyrillus Sanctus $#Cyrillus Thessalonicensis $#Cyrillus Thessalonicus $#Kiril Solunski $#Kirill $#Konstantin Kyrill $#Konstantin-Kyrill der Philosoph $#Kyrill von Thessalonich $#Kyrillos Philosophos $#Kyrillos $#Kiril Konstantin, Sveti $#Konstantin $#Constantinus, Cyrillus $#Cyrillus $#Cyrillus $#Cyrillus $#Cyrillus $#Cyrillus $#Kiril $#Konstantin-Kyrill $#Konstantinos $#Kyrillos $#Cyrillus Constantinus $#Cyrill $#Cyryl $#Cyril$D20251120 $Ecgmnf $7118523120 $8$PCyrillus$lSanctus$Z826-869 [Tp1] $9086864211 044K $RCyrillus $#Method $#Michael $#Methodios $#Methodius $#Methodius $#Metodij $#Methodius $#Sanctus Methodius $#Metodije $#Methodius $#Metod $#Mefodij $#Mefodii $#Methode $#Metodi $#Metodij $#Method $#Methodios $#Methodius Moravorum Apostolus $#Methodius Sanctus $#Methodius Slavorum Apostolus $#Methodius archiepiscopus Moraviensis $#Metodij Svjatyi $#Metodij $#Metodije $#Metoděj $#Metoděj $#Metód $#Methodius $#Metodij $#Metodij $#Methodios $#Methodius $#Metodio $#Method $#Méthode $#Methodios $#Methodios $#Methodius $#Methodius $#Constantinopolitanus, Methodius $#Methodios $#Methodius $#Methodius $D20251120 $Ecgmnf $7118581414 $8$PMethodius$lSanctus$Z815-885 [Tp1] $9086922424 044K $RChristianisierung $REvangelisation $RMissionstheologie $RMissionswissenschaft $#Missions $#Missions $#Misiones $#Missionierung $#Mission $#Christentum Mission $#Christliche Mission $#Heidenmission $#Weltmission $#Missionierung $D20251120 $Ecgmnf $74039567-4 $8Mission [Ts1] $9085107921 044K $RNeutra $#Neutra $#Neutra Nitra $#Nyitra Nitra $#Nitrae $D20251120 $Ecgmnf $72020452-8 $8Nitra [Tg1] $9042744792 044K $RKirchliches Amt $RPrimas $RKlerus $RBischöfin $#Episcopacy $#Bishops $#Évêques $#Épiscopat $#Vescovi $#Episcopado $#Bischof $#Episkopat $#Bischofsamt $#Landesbischof $#Diözesanbischof $#Bischöfe $D20251120 $Ecgmnf $74006949-7 $8Bischof [Ts1] $9085010952 045F $a306.09437309034 $eDDC23BSB 045F/01 $a306.09 045F/03 $f09034 045F/03 $g4373 lok: 35928920 24 101B $017-06-16 $t15:45:19.000 101C $017-06-16 101U $0utf8 145Z/01 $a24 15 Q exp: 35928920 24 1 #EPN 201B/01 $017-06-16 $t15:45:19.000 201C/01 $022-05-15 201U/01 $0utf8 203@/01 $0754657035 208@/01 $a17-06-16 $bz 209A/01 $a15.04828 $du $f050 $h15 04828 $x00 209C/01 $a15.04828 K $h15 04828 K 209G/01 $a73602327 $x00 220C/01 $akon 247C/01 $8358050-7 Marburg, Bibliothek des Herder-Instituts Marburg $9102600961
| LEADER | 00000cam a2200000 c 4500 | ||
|---|---|---|---|
| 001 | 359289207 | ||
| 003 | DE-603 | ||
| 005 | 20260313192705.0 | ||
| 007 | tu | ||
| 008 | 150522s2014 xx |||| | u00||u|slo c | ||
| 020 | |a 8089396291 | ||
| 020 | |a 9788089396290 | ||
| 035 | |a (DE-599)HEB359289207 | ||
| 040 | |a DE-603 |b ger |c DE-603 |d DE-603 | ||
| 041 | |a slo | ||
| 082 | 0 | 4 | |8 1\u |a 306.09437309034 |q DE-101 |2 23/BSB |
| 085 | |8 1\u |b 306.09 | ||
| 085 | |8 1\u |z 1 |s 09034 | ||
| 085 | |8 1\u |z 2 |s 4373 | ||
| 245 | 0 | 0 | |a Ideové prvky národného príbehu v dlhom 19. storočí |c Mária Kohútová ... |
| 264 | 1 | |a Bratislava |b Historický Ústav SAV |c 2014 | |
| 300 | |a 299 S. |b Ill. | ||
| 500 | |a Zsfassung in engl. Sprache u.d.T.: Ideological elements of the National narrative in the long nineteenth century | ||
| 600 | 0 | 7 | |a Cyrillus |c Sanctus |d 826-869 |0 (DE-588)118523120 |0 (DE-603)086864211 |2 gnd |
| 600 | 0 | 7 | |a Methodius |c Sanctus |d 815-885 |0 (DE-588)118581414 |0 (DE-603)086922424 |2 gnd |
| 650 | 7 | |a Geschichtsbewusstsein |0 (DE-588)4020526-5 |0 (DE-603)085049387 |2 gnd | |
| 650 | 7 | |a Geschichtsschreibung |0 (DE-588)4020531-9 |0 (DE-603)085049425 |2 gnd | |
| 650 | 7 | |a Ideologie |0 (DE-588)4026486-5 |0 (DE-603)085066044 |2 gnd | |
| 650 | 7 | |a Slowaken |0 (DE-588)4055298-6 |0 (DE-603)085153842 |2 gnd | |
| 650 | 7 | |a Kultur |0 (DE-588)4125698-0 |0 (DE-603)085424803 |2 gnd | |
| 650 | 7 | |a Nationalbewegung |0 (DE-588)4171210-9 |0 (DE-603)085787388 |2 gnd | |
| 650 | 7 | |a Rezeption |0 (DE-588)4049716-1 |0 (DE-603)085138584 |2 gnd | |
| 650 | 7 | |a Mission |0 (DE-588)4039567-4 |0 (DE-603)085107921 |2 gnd | |
| 650 | 7 | |a Bischof |0 (DE-588)4006949-7 |0 (DE-603)085010952 |2 gnd | |
| 651 | 7 | |a Slowakei |0 (DE-588)4055297-4 |0 (DE-603)085153834 |2 gnd | |
| 651 | 7 | |a Großmährisches Reich |0 (DE-588)4134308-6 |0 (DE-603)085491047 |2 gnd | |
| 651 | 7 | |a Nitra |0 (DE-588)2020452-8 |0 (DE-603)042744792 |2 gnd | |
| 655 | 7 | |a Aufsatzsammlung |2 gnd-content |0 (DE-588)4143413-4 |0 (DE-603)085562742 | |
| 700 | 1 | |a Kohútová, Mária |d 1945- |0 (DE-603)295278218 |0 (DE-588)171126327 |2 gnd | |
| 856 | 4 | 2 | |m V:DE-603;B:DE-Mb50 |q application/pdf |u http://scans.hebis.de/HEBCGI/show.pl?35928920_toc.pdf |3 Inhaltsverzeichnis |
| 924 | 0 | |9 Mb 50 |a (DE-603)754657035 |b DE-Mb50 |c HES |d c |g 15.04828 | |


